Southville International School and Colleges
Your cart is empty.
  • Cart
  • Lists
    Public lists Eva Luna New books Lux_list list_1
    Your lists Log in to create your own lists
  • Log in to your account
  • Your cookies
  • Search history
Southville International School and Colleges
  • Advanced search
  • Recent comments
  • Most popular
  • Libraries

Log in to your account

Log in with GOOGLE


If you do not have an external account, but do have a local account, you can still log in:

  1. Home
  2. MARC view: Mentoring nursing and healthcare students /
Normal view MARC view ISBD view

Mentoring nursing and healthcare students / (Record no. 275374)

[ view plain ]
MARC details
000 -LEADER
fixed length control field 01112cam a22003617a 4500
001 - CONTROL NUMBER
control field 15719148
005 - DATE AND TIME OF LATEST TRANSACTION
control field 20140903131407.0
008 - FIXED-LENGTH DATA ELEMENTS--GENERAL INFORMATION
fixed length control field 090430s2010 cau b 001 0 eng
010 ## - LIBRARY OF CONGRESS CONTROL NUMBER
LC control number 2009927728
015 ## - NATIONAL BIBLIOGRAPHY NUMBER
National bibliography number GBA991462
Source bnb
016 7# - NATIONAL BIBLIOGRAPHIC AGENCY CONTROL NUMBER
Record control number 015371747
Source Uk
020 ## - INTERNATIONAL STANDARD BOOK NUMBER
International Standard Book Number 9781847873255 (hbk.)
020 ## - INTERNATIONAL STANDARD BOOK NUMBER
International Standard Book Number 1847873251 (hbk.)
020 ## - INTERNATIONAL STANDARD BOOK NUMBER
International Standard Book Number 9781847873262 (pbk.)
020 ## - INTERNATIONAL STANDARD BOOK NUMBER
International Standard Book Number 184787326X (pbk.)
035 ## - SYSTEM CONTROL NUMBER
System control number (OCoLC)ocn437083487
040 ## - CATALOGING SOURCE
Original cataloging agency UKM
Transcribing agency UKM
Modifying agency YDXCP
-- BTCTA
-- NLE
-- C#P
-- DLC
042 ## - AUTHENTICATION CODE
Authentication code lccopycat
050 00 - LIBRARY OF CONGRESS CALL NUMBER
Classification number RT 86.45
Item number .K56 2010
082 04 - DEWEY DECIMAL CLASSIFICATION NUMBER
Classification number 362.1068
100 1# - MAIN ENTRY--PERSONAL NAME
Personal name Kinnell, David.
245 10 - TITLE STATEMENT
Title Mentoring nursing and healthcare students /
Statement of responsibility, etc David Kinnell and Phillip [sic] Hughes.
260 ## - PUBLICATION, DISTRIBUTION, ETC. (IMPRINT)
Place of publication, distribution, etc Los Angeles :
Name of publisher, distributor, etc SAGE,
Date of publication, distribution, etc 2010.
300 ## - PHYSICAL DESCRIPTION
Extent vii, 248 p. ;
Dimensions 25 cm.
521 ## - TARGET AUDIENCE NOTE
Target audience note
650 #0 - SUBJECT ADDED ENTRY--TOPICAL TERM
Topical term or geographic name as entry element Mentoring in nursing.
650 #0 - SUBJECT ADDED ENTRY--TOPICAL TERM
Topical term or geographic name as entry element Mentoring in medicine.
700 1# - ADDED ENTRY--PERSONAL NAME
Personal name Hughes, Philip.
906 ## - LOCAL DATA ELEMENT F, LDF (RLIN)
a 7
b cbc
c copycat
d 2
e ncip
f 20
g y-gencatlg
942 ## - ADDED ENTRY ELEMENTS (KOHA)
Source of classification or shelving scheme Library of Congress Classification
Koha item type Books
Call number prefix Foreign
Holdings
Withdrawn status Lost status Source of classification or shelving scheme Damaged status Not for loan Home library Current library Shelving location Date acquired Source of acquisition Total Checkouts Full call number Barcode Date last seen Price effective from Koha item type
    Library of Congress Classification   On Process College Library College Library General Circulation Section 09/03/2014 Donation   RT 86.45 .K56 2010 C18568 05/15/2018 09/03/2014 Books

Mentoring nursing and healthcare students /

APA

Kinnell D., Hughes P., . (2010). Mentoring nursing and healthcare students. Los Angeles: SAGE.

Chicago

Kinnell David, Hughes Philip, . 2010. Mentoring nursing and healthcare students. Los Angeles: SAGE.

Harvard

Kinnell D., Hughes P., . (2010). Mentoring nursing and healthcare students. Los Angeles: SAGE.

MLA

Kinnell David, Hughes Philip, . Mentoring nursing and healthcare students. Los Angeles: SAGE. 2010.

  • Place hold
  • Print
  • Cite
  • Add to your cart (remove)
  • Save record
    BIBTEX Dublin Core MARCXML MARC (non-Unicode/MARC-8) MARC (Unicode/UTF-8) MARC (Unicode/UTF-8, Standard) MODS (XML) RIS
  • More searches
    Search for this title in:
    Other Libraries (WorldCat) Other Databases (Google Scholar) Online Stores (Bookfinder.com) Open Library (openlibrary.org)

Exporting to Dublin Core...

SOUTHVILLE LIBRARY

Southville International School and Colleges Library

1281 Tropical Ave. Cor. Luxembourg St., BF Homes International, Las Pinas City

Tel. No. 8256374 / 252358 Loc. 117/146

Powered by Koha